| 000 | 00722nam a2200205Ia 4500 | ||
|---|---|---|---|
| 005 | 20241129111410.0 | ||
| 008 | 241129s9999||||xx |||||||||||||| ||und|| | ||
| 037 | _aTB | ||
| 040 |
_aCRL _bpun _cCRL |
||
| 041 |
_apun _2pun |
||
| 084 |
_aO153,3NBA3,VB R1 _qCRL |
||
| 100 | _aਮਨਮੋਹਨ ਸਿੰਘ ਬਾਵਾ, ਚ। | ||
| 245 | 0 |
_aਵਿਆਸ ਭੱਟ ਦੀ ਆਤਮ ਕਥਾ _cਮਨਮੋਹਨ ਸਿੰਘ ਬਾਵਾ, ਚ। |
|
| 260 |
_aਲੁਧਿਆਨਾ, ਭਾਰਤ _bਚੇਤਨਾ ਪ੍ਰਕਾਸ਼ਨ _c2021 |
||
| 300 | _a316ਪ੍ਰ0 | ||
| 365 |
_aINR _b425 |
||
| 650 | _aPunjabi LiteratureFiction | ||
| 942 |
_cTB _hO153,3NBA3,VB R1 |
||
| 999 |
_c1230288 _d1230288 |
||